MARC

LEADER 00000nam0a2200000 4500
001 10527
005 20231030183052.0
010 |a 5900268381 
035 |a (RuTPU)RU\TPU\book\10588 
035 |a BOOK00010654 
090 |a 10527 
100 |a 20011209d1997 m y0rusy50 ca 
101 0 |a rus 
102 |a RU 
105 |a a z 000ab 
200 1 |a Михаил Кутузов  |f С. П. Алексеев 
210 |a Москва  |c Сельская новь  |d 1997 
215 |a 48 с.  |c ил. 
225 1 |a Имя 
600 1 |a Кутузов  |g Михаил Илларионович  |b М. И.  |c российский полководец  |c генерал-фельдмаршал  |c светлейший князь Смоленский  |f 1745 - 1813  |2 stltpui  |3 (RuTPU)RU\TPU\pers\250 
610 1 |a полководцы 
610 1 |a история 
610 1 |a Россия 
675 |a Р2  |v 3 
686 |a Т3(2)47-8  |v LBC/SL-A  |2 rubbk 
700 1 |a Алексеев  |b С. П.  |g Сергей Петрович 
801 0 |a RU  |b 63413507  |c 20011209  |g PSBO 
801 2 |a RU  |b 63413507  |c 20050314  |g PSBO 
942 |c BK